Marvel Superheroes by Profession Quiz Stats

 Plays Quiz Updated Oct 12, 2012

Challenge
Share
Tweet
Embed
Score 0/27 Timer 08:00
0 Plays Today
Jobs Superhero % Correct
Photographer, science teacherSpider-Man
92.5%
Intelligence operative, ballerinaBlack Widow
42.9%
Stunt cyclistGhost Rider
42.5%
Nuclear physicist, Vegas bouncerHulk
37.5%
Occult consultant, neurosurgeonDoctor Strange
31.4%
CEO, US Secretary of DefenseIron Man
31.4%
Firefighter, race car driverHuman Torch
29.3%
Artist, soldier, director of SHIELDCaptain America
27.1%
Disco singerDazzler
22.8%
CEO, headmistressEmma Frost
20.7%
Priest, circus performerNightcrawler
19.4%
Witchcraft tutor, housewife, terroristScarlet Witch
18.7%
Monarch, construction worker, surgeonThor
16.1%
Activist, geneticist, teacherProfessor X
13.8%
Jobs Superhero % Correct
Scientist, monarchBlack Panther
12%
Test pilot, football playerThing
11.9%
Special Forces instructor, US MarinePunisher
11.5%
Fashion designerWasp
11.5%
Criminal, carnival performerHawkeye
11.2%
Private eye, agent of HYDRASpider-Woman
9.5%
Artist, farmerColossus
9%
Drill sergeant, pilot, CEOWar Machine
8.4%
Thief, gladiator, monarchStorm
6.8%
Assassin, prostituteX-23
4.7%
Private eye, doctor, lawyer, minister, farmer, lab assistant, agent of SHIELD, Shaolin monk, Olympic gymnast...Multiple Man
3.9%
Social worker, criminalFalcon
3.6%
Tactical ops chief, magazine editorMs. Marvel
3.5%

You're not logged in!

Compare scores with friends on all Sporcle quizzes.
Join for Free
OR
Log In

You Might Also Like...

Show Comments

Extras

Top Quizzes Today


Score Distribution

Your Account Isn't Verified!

In order to create a playlist on Sporcle, you need to verify the email address you used during registration. Go to your Sporcle Settings to finish the process.

Report this User

Report this user for behavior that violates our Community Guidelines.

Details: